00622 2200229 4500001002100000005001700021008004100038020001800079035002400097082001200121090001900133100001200152245007800164250001500242260002700257300003000284650003100314850001500345980001100360985000600371999001500377YOGYA-0209000000485920090227020741.0 ind  a979-533-555-3 0010-020900000004859 a005.369 a005.369bZin P aZINSARI aPedoman microsoft visual fox pro 6.0 termasuk visual fox pro 5.0cZinsari aEd.1,cet.2 aYogyakartabAndic1999 axii, 135 hlmbilusc21 cm aFox pro - Program komputer aYOPDYOG(B) a160505 a1 a00P0004404